000 00310nam a22001337a 4500
008 181001b xxu||||| |||| 00| 0 eng d
020 _a0023983000
041 _aeng
080 _a370
100 _a48
101 _aEdu
245 _aRhetorical Readdres For Esl Writers
_cRaphael .C.B
942 _2udc
_cBK
999 _c48706
_d48706